00262nam a2200097 a 450000500170000000800410001705000190005824500460007726000230012344000180014620140513081056.0070202s19uu xx 00 eng d aVCDbEl48 2003 aElmo's world :bdancing, music and books. bViva Video,c2003. aSesame street